000 01214nac a22003977a 4500
001 BR0301120
003 BR-BrBNA
005 20240105122749.0
008 230509b bl.|||m| |||| 00| 0 por d
040 _aBR-BrBNA
_bpor
_cBiblioteca Nacional de Agricultura
072 _aE16; E71
090 _a2480 BR0301120
100 1 _aPereira, J. da P.
100 1 _aDoretto, M.
100 1 _aLeal, A.C.
100 1 _aCastro, A.M.G. de
100 1 _aRucker, N.A.
110 1 _aFundação Instituto Agronômico do Paraná, Londrina (Brasil)
245 1 _aCadeia produtiva da borracha natural: análise diagnóstica e demandas atuais no Paraná
260 3 _aLondrina, PR (Brasil):
_c2000.
300 _a85 p.
490 _aDocumentos - EMBRAPA Fundação Instituto Agronomico do Paraná (Brazil)
_vno. 23
_x
500 _a23 tables; 6 illus.
650 _aSERINGUEIRA
650 _aBORRACHA
650 _aESTATÍSTICA DE PRODUÇÃO
650 _aDEMANDA
650 _aANÁLISE
650 _aDIAGNÓSTICO
650 _aPRÁTICA CULTURAL
650 _aEXPORTAÇÃO
650 _aAGRIBUSINESS
650 _aPARANÁ
909 _a202312
_bLúcia Elande
_c55
_dLúcia Elande
942 _2AGRIS
_n0
_cMS
999 _c292711
_d292711